Statistics for The Greatest Italian Footballers of All-Time

Click here to take the quiz!

General Stats

  • This quiz has been taken 191 times
  • The average score is 26 of 49

Answer Stats

Position Club Answer Time with the National Team % Correct
GKJuventusGianluigi Buffon1997-2017
99%
DFAC MilanPaolo Maldini1988-2002
96%
STJuventusAlessandro Del Piero1995-2008
88%
CAMAS RomaFrancesco Totti1998-2006
86%
CMAC MilanAndrea Pirlo2002-2015
83%
STVicenzaPaolo Rossi1977-1986
83%
DFAC MilanAlessandro Nesta1996-2006
80%
DFJuventusGiorgio Chiellini2004-Present
79%
CMParmaDino Baggio1991-1999
77%
CAMJuventusRoberto Baggio1988-2004
77%
GKJuventusDino Zoff1968-1983
76%
STAC MilanFilippo Inzaghi1997-2007
75%
STChelseaGianfranco Zola1991-1997
75%
DFJuventusLeonardo Bonucci2010-Present
75%
DFAC MilanFranco Baresi1982-1994
71%
CMAS RomaDaniele De Rossi2004-2017
71%
DFParmaFabio Cannavaro1997-2010
71%
CMAC MilanGennaro Gattuso2000-2010
68%
STHellas VeronaLuca Toni2004-2009
65%
STUdineseAntonio Di Natale2002-2012
65%
DFJuventusAndrea Barzagli2004-2017
63%
STInternazionaleChristian Vieri1997-2006
62%
GKInternazionaleFrancesco Toldo1995-2004
55%
DFAC MilanAlessandro Costacurta1991-1998
53%
DFInternazionaleMarco Materazzi2001-2008
53%
DFJuventusGianluca Zambrotta1999-2010
52%
STSampdoriaGianluca Vialli1985-1992
51%
DFPalermoFabio Grosso2003-2009
45%
STCagliariLuigi Riva1965-1974
43%
STInternazionaleGiuseppe Meazza1930-1939
43%
CMAC MilanGianni Rivera1962-1975
43%
DFInternazionaleGiuseppe Bergomi1982-1998
42%
GKInternazionaleWalter Zenga1987-1992
40%
DFJuventusGaetano Scirea1975-1986
39%
GKBolognaGianluca Pagliuca1990-1998
39%
STInternazionaleSandro Mazzola1963-1974
36%
DFInternazionaleGiacinto Facchetti1963-1977
32%
CMAC MilanDemetrio Albertini1991-2002
30%
DFJuventusAntonio Cabrini1978-1987
26%
DFJuventusClaudio Gentile1975-1984
25%
STInternazionaleAlessandro Altobelli1980-1988
25%
STJuventusGiampiero Boniperti1947-1960
22%
STJuventusOmar Sivori1961-1962
20%
STAC MilanJose Altafini1961-1962
16%
DFSampdoriaPietro Vierchowod1981-1993
14%
DFInternazionaleTarcisio Burgnich1963-1974
12%
GKJuventusGianpiero Combi1924-1934
8%
DFJuventusVirginio Rosetta1920-1934
3%
DFCasaleUmberto Caligaris1922-1934
2%

Score Distribution

Percentile by Number Answered

Percent of People with Each Score

Your Score History

You have not taken this quiz